BSOP header

Paul's way of knowing : (Record no. 34009)

MARC details
000 -LEADER
fixed length control field 01116nam a2200253 4500
008 - FIXED-LENGTH DATA ELEMENTS--GENERAL INFORMATION
fixed length control field 100208s2009 miu b 001 0 eng d
020 ## - INTERNATIONAL STANDARD BOOK NUMBER
International Standard Book Number 0801036097
020 ## - INTERNATIONAL STANDARD BOOK NUMBER
International Standard Book Number 9780801036095
090 ## - LOCALLY ASSIGNED LC-TYPE CALL NUMBER (OCLC); LOCAL CALL NUMBER (OCLC)
Classification number (OCLC) (R) ; Classification number, CALL (RLIN) (NR) BS2650.2
Local cutter number (OCLC) ; Book number/undivided call number, CALL (RLIN) Sco3
-- 2006
100 1# - MAIN ENTRY--PERSONAL NAME
Personal name Scott, Ian W.,
Dates associated with a name 1973-
245 10 - TITLE STATEMENT
Title Paul's way of knowing :
Remainder of title story, experience, and the spirit /
Statement of responsibility, etc Ian W. Scott.
260 ## - PUBLICATION, DISTRIBUTION, ETC. (IMPRINT)
Place of publication, distribution, etc Grand Rapids, Mich. :
Name of publisher, distributor, etc Baker Academic,
Date of publication, distribution, etc 2009.
300 ## - PHYSICAL DESCRIPTION
Extent xvii, 341 p. ;
Dimensions 23 cm.
500 ## - GENERAL NOTE
General note Originally published in 2006 as 'Implicit Epistemology in the Letters of Paul' by Mohr Siebeck in Tubingen, Germany.
504 ## - BIBLIOGRAPHY, ETC. NOTE
Bibliography, etc Includes bibliographical references (p. [289]-309) and indexes.
600 14 - SUBJECT ADDED ENTRY--PERSONAL NAME
Personal name Paul,
Titles and other words associated with a name the Apostle, Saint.
630 04 - SUBJECT ADDED ENTRY--UNIFORM TITLE
Uniform title Bible.
Name of part/section of a work N.T.
-- Epistles of Paul
General subdivision Criticism, interpretation, etc.
650 #4 - SUBJECT ADDED ENTRY--TOPICAL TERM
Topical term or geographic name as entry element God (Christianity)
General subdivision Knowableness.
650 #4 - SUBJECT ADDED ENTRY--TOPICAL TERM
Topical term or geographic name as entry element Philosophy and religion
General subdivision Christianity.
650 #4 - SUBJECT ADDED ENTRY--TOPICAL TERM
Topical term or geographic name as entry element Theology, Doctrinal
General subdivision History
Chronological subdivision Early church, ca. 30-600.
951 ## - EQUIVALENCE OR CROSS-REFERENCE-GEOGRAPHIC NAME/AREA NAME [OBSOLETE] [CAN/MARC only]
General subdivision 00038700
740 02 - ADDED ENTRY--UNCONTROLLED RELATED/ANALYTICAL TITLE
Uncontrolled related/analytical title Implicit Epistemology in the Letters of Paul.
951 ## - EQUIVALENCE OR CROSS-REFERENCE-GEOGRAPHIC NAME/AREA NAME [OBSOLETE] [CAN/MARC only]
-- 33557
-- BS2650.2/Sco3/2006
-- 100208130249140
-- 2000-12-21
-- GC
Holdings
Withdrawn status Lost status Damaged status Not for loan Home library Current library Shelving location Date acquired Accession number Shelving control number Total Checkouts Full call number Barcode Date last seen Price effective from Koha item type
        BSOP Library BSOP Library GC 12/21/2000 33557 127   BS2650.2/Sco3/2006 00038700 02/23/2013 02/23/2013 Books
BSOP

Biblical Seminary of the Philippines
  All rights Reserved
  © 2024

CONTACT INFORMATION

Biblical Seminary of the Philippines,
  77-B Karuhatan Road, Valenzuela City,
  PHILIPPINES 1441
  Phone: +632 8292-6795 / 8292-6798
  Fax : +632 8292-6675
  Email: library@bsop.edu.ph